| 000 | 00940nam a2200205Ia 4500 | ||
|---|---|---|---|
| 003 | Ost | ||
| 005 | 20260507075747.0 | ||
| 008 | 260507s9999||||xx |||||||||||||| ||und|| | ||
| 040 | _cfsecg | ||
| 041 | _aara | ||
| 082 | _a330 | ||
| 100 |
_aعبد العال، عكاشة محمد _eمؤلف |
||
| 245 | 0 |
_aالمنهجية القانونية / _c عكاشة محمد عبد العال |
|
| 260 |
_aالإسكندرية: _bالدار الجامعية, _c(دت) |
||
| 300 |
_a326 صفحة؛ _bإيضاحات ؛ _c25 سم |
||
| 520 | _aالقواعد المشتركة بين المنهجيات القانونية على اختلافها- القواعد الخاصة في كل منهجية من المنهجيات القانونية على اختلافها- منهجية التعليق على القرار القضائي. | ||
| 653 | _aالقانون | ||
| 700 |
_aمنصور، سامي بديع _eمؤلف ثانوي |
||
| 942 | _cكتاب | ||
| 999 |
_c46206 _d46206 |
||